Slováci kupujú viac čaju, menej kávy
Hoci spotrebitelia kupujú menej kávy ako pred rokom, obchodníci to nijako zvlášť nepocítili. Stúpa predaj kávovarov a kávových kapsúl. V kategórii čaju sa darilo najmä bylinkovým čajom a výrobcovia nepretržite zásobujú trh novinkami. Výber noviniek na trhu.
Gespeichert in:
| 1. Verfasser: | |
|---|---|
| Format: | Buchkapitel |
| Sprache: | Slowakisch |
| Schlagworte: | |
| Tags: |
Keine Tags, Fügen Sie das erste Tag hinzu!
|
MARC
| LEADER | 00000naa a2200000 4500 | ||
|---|---|---|---|
| 001 | 0208225 | ||
| 005 | 20231011070219.9 | ||
| 041 | 0 | |a slo | |
| 044 | |a SK | ||
| 245 | 1 | 0 | |a Slováci kupujú viac čaju, menej kávy |c Kristína Raševová |
| 520 | |a Hoci spotrebitelia kupujú menej kávy ako pred rokom, obchodníci to nijako zvlášť nepocítili. Stúpa predaj kávovarov a kávových kapsúl. V kategórii čaju sa darilo najmä bylinkovým čajom a výrobcovia nepretržite zásobujú trh novinkami. Výber noviniek na trhu. | ||
| 610 | 2 | 0 | |a káva |
| 610 | 2 | 0 | |a čaj |
| 610 | 2 | 0 | |a spotreba domácností |
| 610 | 2 | 0 | |a preferencie spotrebiteľské |
| 610 | 2 | 0 | |a prieskum dopytu |
| 610 | 2 | 0 | |a Slovensko |
| 100 | 1 | |a Raševová, Kristína | |